[Event "Dortmund SuperGM 42nd"]
[Site "Dortmund"]
[Date "2014.07.12"]
[Round "1"]
[White "Kramnik, Vladimir"]
[Black "Meier, Georg"]
[Result "0-1"]
[WhiteElo "2777"]
[BlackElo "2632"]
[Annotator "Meier,Georg"]
[PlyCount "82"]
[EventDate "2014.07.12"]
[EventType "tourn"]
[EventRounds "7"]
[EventCountry "GER"]
[EventCategory "19"]
[SourceTitle "CBM 162"]
[Source "ChessBase"]
[SourceDate "2014.09.17"]
[SourceVersion "1"]
[SourceVersionDate "2014.09.17"]
[SourceQuality "1"]

{The following game is unbelievable. Vladimir Kramnik gets a strategically
lost position after 10 moves, playing White. I will tell you my recipe for
this unprecedented feat. Really.  You start by losing 4 games against Vladimir.
In the first two you self-destruct in one promising and one decent position,
unable to handle either. In game 3, as Black, you get your king mated on d5
after roughly 20 moves. Now you have White again, and Vladimir seems to be
showing some pity, going for a Catalan mainline where you could go into a
number of safe drawish lines. Still, in the opening you blunder/sacrifice a
pawn, are then generously allowed back into the game just to bravely jump into
the abyss again. By now you have convinced Vladimir that you may be able to
play chess, but definitely not against him. Also everything he tried to get
you out of your comfort zone worked out marvellously in his favour. He went
for structures that you had little to no experience with. You even don't need
to prepare anymore, because now he is going to spring a surprise on you again..
. and he always finds something you have not analysed, so don't look at your
opening files. The upside: Now he thinks he can get away with anything against
you!  In game 5 it is time to reap the fruits of all your previous work:} 1. c4
c5 2. Nf3 Nf6 3. g3 Nc6 4. Bg2 d5 5. O-O {Because everything I just told you
really is the truth it should come as no surprise that I had never looked at
this position!} d4 {Grabbing space is natural. Earlier, Ivanchuk, Anand and
Caruana had done the same against Vladimir, as I found out after the game.} (
5... e5 {is just as sensible.}) 6. a3 {A puzzling move. I do not see how and
where the inclusion of a3 and a5 could possibly favor White.} ({I only expected
} 6. e3 e5 7. exd4 exd4 8. d3 Be7 9. Bf4 O-O 10. Ne5 Nxe5 11. Bxe5 {and
intended} Ng4 $1 {- otherwise White may take on f6, establishing a grip on the
light squares -} 12. Bf4 Bd6 {with equality.}) 6... e5 7. d3 ({After} 7. b4
cxb4 8. axb4 e4 9. Ng5 Bxb4 10. Nxe4 Nxe4 11. Bxe4 Bh3 12. Re1 O-O 13. Ba3 a5 {
would be an appealing follow-up to me} 14. Bxb4 axb4 15. Rxa8 Qxa8 {will give
Black plenty of counterplay down the a-file.}) 7... a5 (7... Bd6 8. b4 {
is something I did not want to handle.}) 8. e4 $2 {White goes for a terrible
King's Indian. The queen's knight is devoid of prospects. So bad that a3-a4,
followed by Na3 was probably necessary to begin damage control and get that
knight out of the other pieces' way. This error of judgment from Kramnik is
shocking, but his confidence against me had apparently reached heights where
oxygen begins to lack...} (8. e3 Be7 9. exd4 exd4 10. Bf4 O-O 11. Ne5 {was
still the way to go, but Black is already favoured by the inclusion of a3 and
a5} Bd6 $1 12. Nxc6 bxc6 {White's b-pawn is hopelessly weak here} 13. Bxc6 Bg4
14. Bf3 Bxf3 15. Qxf3 Bxf4 16. Qxf4 Qb8 17. Nd2 Qxf4 18. gxf4 Nh5 {even leaves
Black with the initiative.}) 8... Be7 9. Ne1 {There is a fundamental problem
with White's traditional f-pawn advance: Black's king has not yet castled!} h5
$1 {As the f-pawn is poised to advance, h5-h4 is going to expose the weakened
squares.} 10. f4 {Played almost instantly, as any other move would signal the
acknowledgment of an opening disaster.} (10. Bg5 Ng8 11. Bxe7 Ngxe7 {would
leave a long positional torture ahead for White.}) 10... h4 {Files will open
up against the white king and it is just a matter of time until Black castles
queenside and gets all his pieces ready for the final assault on the
irreparably weakened white kingside. Vladimir lacks space to do anything
meaningful from here on.} 11. f5 hxg3 12. hxg3 g6 $1 13. Nd2 gxf5 ({A more
precise way might have been} 13... Rg8 14. Qf3 ({but after} 14. g4 gxf5 15.
gxf5 {I felt that White would have some chances to survive in practice. There
is no longer a weak g-pawn and Black would have to play more concretely to win}
) 14... Bd7) 14. exf5 Rg8 15. Qf3 $2 ({White's only practical chance lay in} 
15. Bxc6+ $1 bxc6 16. Kg2 {creating some breathing space, but if Black acts
with precision there is still no way to untangle} Rb8 17. Qe2 Bd6 18. Rb1 (18.
Ne4 Nxe4 19. Qxe4 Qf6 20. Rf3 Kd7 $1 21. g4 Qh4 22. Rg3 Rh8 23. Nf3 Qh1+ 24.
Kf2 Qd1) 18... Rb7 $1 {leaves White out of moves as} 19. Ne4 Nxe4 20. Qxe4 f6 {
followed by Rbg7 is killing.}) 15... Bd7 {Now Black just needs to complete his
development and White's position will fall apart under the pressure.} 16. Rf2
Qb6 ({To go exchange hunting with} 16... Ng4 17. Ne4 Nxf2 18. Qxf2 {would
allow White to participate in the game again with a powerful knight on e4.})
17. Re2 O-O-O 18. Ne4 Qb3 {Not necessary, but underscoring Black's superiority
on the whole board felt too good to pass up on.} 19. Nf2 a4 20. Bh6 (20. g4 e4
$1 21. dxe4 Qxf3 22. Bxf3 Ne5 {is equally hopeless.}) 20... Bf8 21. Bxf8 (21.
Bc1 Bd6) 21... Rdxf8 22. g4 Rg7 23. Ne4 Nxe4 24. Qxe4 Rfg8 25. Bf3 f6 26. Rg2
Nd8 $1 {After a series of logical, straightforward moves, the regrouping of
the knight is the finishing touch. Now I knew that the game was effectively
over.} 27. Qe2 Bc6 28. Bxc6 bxc6 $1 29. Qe4 Kc7 30. Nf3 Nf7 31. Rf1 Nd6 32. Qe2
Rxg4 33. Rff2 Nxf5 34. Nd2 Rxg2+ 35. Rxg2 Rxg2+ 36. Kxg2 Qxb2 37. Kf3 Nd6 38.
Qh2 Qxa3 39. Ke2 Qb2 40. Qh7+ Kb6 41. Qe7 Nb7 {I cannot imagine this game
happening without our previous history. Without a doubt Vladimir will use all
his powers to put things straight in our next confrontation. I will be looking
forward to it!} 0-1

[Event "Dortmund SuperGM 42nd"]
[Site "Dortmund"]
[Date "2014.07.13"]
[Round "2"]
[White "Adams, Michael"]
[Black "Kramnik, Vladimir"]
[Result "1/2-1/2"]
[WhiteElo "2743"]
[BlackElo "2777"]
[PlyCount "136"]
[EventDate "2014.07.12"]
[EventType "tourn"]
[EventRounds "7"]
[EventCountry "GER"]
[EventCategory "19"]
[SourceTitle "CBM 162"]
[Source "ChessBase"]
[SourceDate "2014.09.17"]
[SourceVersion "1"]
[SourceVersionDate "2014.09.17"]
[SourceQuality "1"]

1. d4 Nf6 2. Bg5 d5 3. e3 c5 4. Bxf6 gxf6 5. dxc5 e6 6. Nf3 Bxc5 7. Be2 Nc6 8.
O-O e5 9. c4 d4 10. exd4 Nxd4 11. Nxd4 Bxd4 12. Qc2 f5 13. Nd2 Qe7 14. Rad1 O-O
15. b4 Qxb4 16. Nf3 Rd8 17. Nxe5 Be6 18. Qc1 f6 19. Nf3 Bb6 20. Qh6 Qf8 21. Qh4
Rxd1 22. Bxd1 Kh8 23. Re1 Bg8 24. Bc2 Rc8 25. Bd3 Rc6 26. h3 Qd6 27. Bxf5 Rxc4
28. g4 Kg7 29. Kg2 h6 30. Qg3 Qxg3+ 31. Kxg3 Rc3 32. Be6 Rc2 33. Re4 Bxf2+ 34.
Kf4 Bxe6 35. Rxe6 Rxa2 36. Rd6 Kf7 37. Kf5 Ra5+ 38. Ke4 Rb5 39. Rd2 Rb4+ 40.
Kf5 Rb5+ 41. Ke4 Bg3 42. Nd4 Rb4 43. Kd5 a5 44. Nf5 Bf4 45. Ra2 Rb5+ 46. Kc4
Rb4+ 47. Kd5 a4 48. Kc5 Re4 49. Kb5 Ke6 50. Rxa4 Rxa4 51. Kxa4 Kd5 52. Kb5 Ke4
53. Kb6 Kf3 54. Kxb7 Kg2 55. Kc6 Kxh3 56. Kd5 Kxg4 57. Ke6 h5 58. Kxf6 Bc1 59.
Ke5 Bd2 60. Ke4 Bg5 61. Ke5 Kf3 62. Nd4+ Kg2 63. Nf5 Kf3 64. Nd4+ Kg4 65. Nf5
Bd2 66. Ke4 Bf4 67. Nh4 Kxh4 68. Kxf4 Kh3 1/2-1/2

[Event "Dortmund SuperGM 42nd"]
[Site "Dortmund"]
[Date "2014.07.15"]
[Round "3"]
[White "Kramnik, Vladimir"]
[Black "Baramidze, David"]
[Result "1/2-1/2"]
[WhiteElo "2777"]
[BlackElo "2616"]
[PlyCount "105"]
[EventDate "2014.07.12"]
[EventType "tourn"]
[EventRounds "7"]
[EventCountry "GER"]
[EventCategory "19"]
[SourceTitle "CBM 162"]
[Source "ChessBase"]
[SourceDate "2014.09.17"]
[SourceVersion "1"]
[SourceVersionDate "2014.09.17"]
[SourceQuality "1"]

1. d4 Nf6 2. c4 e6 3. Nf3 d5 4. Nc3 Be7 5. g3 O-O 6. Bg2 Nbd7 7. Qd3 c6 8. O-O
b6 9. b3 a5 10. e4 Ba6 11. e5 Ne8 12. h4 h6 13. Rd1 b5 14. cxb5 cxb5 15. Ne2 b4
16. Qe3 Bxe2 17. Qxe2 a4 18. Be3 Qa5 19. Rac1 Nc7 20. Nh2 Rfc8 21. Qg4 Kf8 22.
f4 Qb6 23. Nf3 Nb5 24. Rxc8+ Rxc8 25. f5 axb3 26. axb3 Rc3 27. f6 Rxe3 28.
Qxg7+ Ke8 29. fxe7 Rxf3 30. Bxf3 Nxd4 31. Kg2 Nf5 32. Qh8+ Kxe7 33. Rc1 Qd8 34.
Rc8 Qxh8 35. Rxh8 Nxe5 36. Bh5 Kf6 37. Rb8 Nc6 38. Rb7 Nfe7 39. Kf2 e5 40. g4
Ke6 41. g5 hxg5 42. hxg5 e4 43. Ke3 Kf5 44. Bxf7 Kxg5 45. Bxd5 Nxd5+ 46. Kxe4
Nde7 47. Rb6 Kf6 48. Kd3 Ke6 49. Kc4 Kd6 50. Kb5 Kd5 51. Ka4 Kd4 52. Rxb4+ Nxb4
53. Kxb4 1/2-1/2

[Event "Dortmund SuperGM 42nd"]
[Site "Dortmund"]
[Date "2014.07.19"]
[Round "6"]
[White "Kramnik, Vladimir"]
[Black "Leko, Peter"]
[Result "1/2-1/2"]
[WhiteElo "2777"]
[BlackElo "2737"]
[PlyCount "82"]
[EventDate "2014.07.12"]
[EventType "tourn"]
[EventRounds "7"]
[EventCountry "GER"]
[EventCategory "19"]
[SourceTitle "CBM 162"]
[Source "ChessBase"]
[SourceDate "2014.09.17"]
[SourceVersion "1"]
[SourceVersionDate "2014.09.17"]
[SourceQuality "1"]

1. d4 Nf6 2. c4 e6 3. Nf3 b6 4. e3 Bb7 5. Bd3 d5 6. b3 Be7 7. O-O O-O 8. Bb2 c5
9. cxd5 Nxd5 10. Nbd2 Nd7 11. Qe2 Rc8 12. Rfd1 cxd4 13. Nxd4 Qc7 14. Nc4 a6 15.
Rac1 b5 16. Nd2 Qb8 17. Ne4 Rxc1 18. Rxc1 Rc8 19. Rd1 N7f6 20. Nxf6+ Bxf6 21.
Qd2 Be7 22. Be4 Nf6 23. Bxb7 Qxb7 24. Rc1 h6 25. Rxc8+ Qxc8 26. Qc2 Qxc2 27.
Nxc2 Nd5 28. Kf1 f6 29. e4 Nb4 30. Nxb4 Bxb4 31. Ke2 Kf7 32. g4 e5 33. h4 g5
34. h5 Ke6 35. Kd3 Kd6 36. f3 Kc6 37. a3 Bd6 38. b4 Be7 39. Kc2 Bd6 40. Kd3 Be7
41. Kc2 Bd6 1/2-1/2

[Event "Dortmund SuperGM 42nd"]
[Site "Dortmund"]
[Date "2014.07.20"]
[Round "7"]
[White "Ponomariov, Ruslan"]
[Black "Kramnik, Vladimir"]
[Result "1-0"]
[WhiteElo "2723"]
[BlackElo "2777"]
[PlyCount "112"]
[EventDate "2014.07.12"]
[EventType "tourn"]
[EventRounds "7"]
[EventCountry "GER"]
[EventCategory "19"]
[SourceTitle "CBM 162"]
[Source "ChessBase"]
[SourceDate "2014.09.17"]
[SourceVersion "1"]
[SourceVersionDate "2014.09.17"]
[SourceQuality "1"]

1. e4 e5 2. Nf3 Nc6 3. Bb5 Nf6 4. O-O Nxe4 5. Re1 Nd6 6. Nxe5 Be7 7. Bf1 Nf5 8.
Nf3 d5 9. d4 O-O 10. Nc3 Bb4 11. Bf4 Nce7 12. a3 Bd6 13. Qd2 c6 14. g3 f6 15.
h4 Bxf4 16. Qxf4 Ng6 17. Qd2 Nd6 18. Bg2 Bf5 19. b3 Qd7 20. Re3 Be4 21. Rae1
Rae8 22. R3e2 Ne7 23. Nxe4 dxe4 24. Nh2 f5 25. c4 Rd8 26. f3 Qc7 27. Qc3 Rd7
28. fxe4 Nxe4 29. Bxe4 fxe4 30. Rxe4 Nf5 31. Kg2 Qd6 32. c5 Qg6 33. Rg4 Qh6 34.
Nf3 Ne7 35. Ng5 Qg6 36. Qe3 Nd5 37. Qe4 Qh6 38. Qe2 Qf6 39. Re4 h6 40. Ne6 Rff7
41. Nf4 Nc7 42. Qe3 Qf5 43. a4 Rf8 44. Qe2 Rfd8 45. Qc4+ Kh7 46. Re5 Qf6 47.
Qd3+ Kg8 48. R1e4 Rf8 49. Qe2 Rfd8 50. Re7 Rxe7 51. Rxe7 Nd5 52. Re8+ Kf7 53.
Nxd5 Rxd5 54. Rb8 Qxd4 55. Qe8+ Kf6 56. Rxb7 Qxc5 1-0

[Event "Olympiad-41"]
[Site "Tromsoe"]
[Date "2014.08.03"]
[Round "2.1"]
[White "Kramnik, Vladimir"]
[Black "Al Modiahki, Mohamad"]
[Result "1-0"]
[WhiteElo "2760"]
[BlackElo "2549"]
[Annotator "Marin,M"]
[PlyCount "49"]
[EventDate "2014.08.02"]
[EventType "team-swiss"]
[EventRounds "11"]
[EventCountry "NOR"]
[SourceTitle "CBM 162"]
[Source "ChessBase"]
[SourceDate "2014.09.17"]
[SourceVersion "1"]
[SourceVersionDate "2014.09.17"]
[SourceQuality "1"]
[WhiteTeam "Russia"]
[BlackTeam "Qatar"]
[WhiteTeamCountry "RUS"]
[BlackTeamCountry "QAT"]

1. Nf3 Nf6 2. c4 g6 3. Nc3 Bg7 4. e4 d6 5. d4 O-O 6. Be2 e5 7. O-O Qe8 $5 {
A rare move, trying to step out of the heavily analysed variations. This
original way of putting pressure on the white centre slightly changes the
priorities for both sides.} ({It would make little sense to go for the Mar del
Plata attack with:} 7... Nc6 8. d5 Ne7 {Kramnik is a leading expert in the
Bayonet attack initiated by} 9. b4 {a line with which he managed to "convince"
Kasparov to abandon his beloved King's Indian!}) 8. dxe5 {This looks like a
simplistic decision, but the early commitment of the black queen justifies it.}
(8. d5 {leads to an interesting position which has to be treated by comparison
with tho important systems, the aforementioned Mar del Plata attack and the
Petrosian system.} {I prefer} Nfd7 $5 (8... a5 {is the natural reaction and
the most popular, in the spirit of the Petrosian system. However, White can
refrain from Bg5 now that Black has spent a tempo on ...Qe8.} 9. Ne1 (9. Bg5 {
would transpose to an at times popular Petrosian tabyia after} h6 10. Bh4 Na6)
9... Na6 10. Nd3 {White has made good use of the offered tempo. Black cannot
control the c5- and b4- squares so easily.} Nd7 11. Be3 f5 12. f3 Ndc5 (12...
f4 13. Bf2 g5 14. a3 $36 {[%cal Gb2b4]}) 13. b3 Bd7 14. Rb1 b6 15. a3 Nxd3 16.
Bxd3 Nc5 17. Bc2 f4 18. Bf2 g5 19. b4 axb4 20. axb4 Na4 21. Nxa4 Bxa4 22. Bxa4
Rxa4 23. c5 $14 {Psakhis,L (2605)-Smirin,I (2545) Tel Aviv 1992 (1/2-1/2, 43)})
9. Ne1 f5 10. Nd3 Nf6 11. f3 f4 12. c5 {It is interesting to compare this
position with the Mar del Plata Ne1-d3 tabyia. The queen's knight is far from
the kingside, but can be useful for the queenside defence. At the same time,
the queen is ready to go to g6, something difficult to accomplish in the MdP
lines, where the knight goes to that square.} Rf7 13. cxd6 cxd6 14. Nf2 Bf8 15.
Bd2 h5 16. a4 g5 17. h3 Rg7 18. Nb5 Na6 19. Rc1 Qg6 20. Rc4 {All these were
played in the games Ikonnikov,V (2490)-Zakharevich,I (2350) Podolsk 1992 (0-1,
42) and Mitenkov,A (2420)-Zakharevich,I (2345) Smolensk 1992 (1/2-1/2, 48). It
seems that Black could have started his attack without further preparing:} g4
21. fxg4 hxg4 22. Bxg4 Nxg4 23. Nxg4 Nc5 $132) (8. Re1 {loses the e4-pawn with
not more than some compensation:} exd4 9. Nxd4 Nxe4 10. Nxe4 Qxe4 11. Be3 Qh4
12. Nb5 Qd8 13. Qd2 Nc6 {Nikolaidis,I (2493)-Kempinski,R (2612) Peristeri 2010
(1/2-1/2, 30)}) 8... dxe5 9. b4 $5 {Kramnik played this relatively rare move
instantly. The same as in the aforementioned variation, he starts the
queenside attack on the first given occasion.} ({The main variation is} 9. Be3
Nbd7 (9... b6 $6 {Van Wely,L (2687)-Khismatullin,D (2572) Warsaw 2005 CBM 108 
[Avrukh,B] (1-0, 38)}) 10. h3 (10. Nd2 c6 11. b4 Qe7 12. c5 Rd8 13. Qc1 Nf8 14.
Nc4 Ne6 15. Nd6 Nd4 $11 {Lajthajm,B (2478)-Sedlak,N (2571) Cetinje 2013 (1/2-1/
2, 76)}) 10... Qe7 ({If} 10... c6 {as played in Bauer,K-Fliter,I (2099)
Ueberlingen 2000 (1-0, 29),} 11. Qd6 $5 {could be annoying.}) 11. Nd5 Qd8 $1 {
A typical KI reaction. White cannot develop his initiative in the centre,
while Black can be happy that he has induced the releasing of tension (dxe5)
without getting harmed in any way.} 12. Qc2 Nh5 13. Bg5 f6 14. Be3 c6 15. Nc3
Nf4 $132 {Georgiev,K (2636)-Sedlak,N (2571) Cetinje 2013 (0-1, 30)}) 9... Qe7 {
After having managed to clear matters in the centre, Black needs regrouping in
order to resume the process of development. It is worth mentioning that
starting with this move Black spend big amounts of time on almost every move.}
(9... Bg4 {looks logical, fighting for the d4-square, when White needs to
prove that his advance in development is more relevant than Black's ideas on
the dark squares.} 10. b5 Bxf3 11. Bxf3 Qe6 12. Nd5 Rc8 13. Nxf6+ {It is best
to exchange knights before Black can bring the reserve knight into play.} (13.
Be3 Nbd7 14. c5 Bf8 15. Nxf6+ Nxf6 16. a4 c6 $11 {Jankovic,A (2541)-Jovanovic,
Z (2525) Split 2008 (1/2-1/2, 24)}) 13... Qxf6 14. Be3 Rd8 (14... h5 {does not
seem to make too much sense. Preventing Bg4 is not so important and Black is
not in time preparing ...Kh7 and ...Bh6.} 15. Rb1 Bf8 16. Rb3 $36 {Van Wely,L 
(2618)-Georgiev,K (2453) Kallithea 2008 (1-0, 53)}) 15. Qc1 Qe7 16. c5 c6 17.
a4 Nd7 {This hands over the initiative to White.} (17... a6 $5 {, aiming for
general exchanges on b5 followed by ...Nc6 and ...Bf8, with a harmonious
regrouping, comes into consideration. If} 18. b6 {Black seems to be doing fine:
} Nd7 19. Qc4 h5 {[%csl Gg4][%cal Gd7f8,Gf8e6]} 20. Rfd1 Nf8 $11) 18. bxc6 bxc6
19. Qc4 h5 20. Rab1 Nf8 21. Qa6 Ne6 22. Rb7 Rd7 (22... Nxc5 23. Rxe7 Nxa6 24.
Rd1 $5 {[%csl Ga7,Gf7][%cal Gf3d1,Gd1b3]}) 23. Rfb1 $36 {Rapport,R (2509)
-Jovanovic,Z (2520) Chur 2010 (1/2-1/2, 65)}) 10. b5 (10. Nd5 $146 Nxd5 (10...
Qd8 $5) 11. cxd5 Qxb4 12. Qd3 {offers White compensation for the pawn, but
probably not more.} Qd6 13. Ba3 c5 14. dxc6 Qxd3 15. Bxd3 Rd8 $11) 10... a6
$146 {A new and probably not very inspired move.} ({Previously,} 10... c6 11.
a4 Rd8 {was mostly played.} 12. Qc2 Bg4 13. Ba3 (13. a5 $5 {Marin}) 13... Qe8 (
13... Qc7 $1 {Atalik}) 14. a5 Bxf3 15. Bxf3 Bf8 {Atalik,S (2619)-Socko,B (2621)
Polanica Zdroj 2006 CBM 113 ext [Atalik,S] (1/2-1/2, 43)}) ({My favourite is 
(even for abstract reasons) the developing} 10... Nbd7 11. a4 Nc5 12. Ba3 {
Ivanov,S (2538)-Kempinski,R (2549) Stockholm 2000 (1-0, 42)} b6 $5 {[%cal
Gc8b7]}) 11. a4 axb5 $6 ({Even now developing looks like a better idea,
although after} 11... Nbd7 12. Ba3 Nc5 13. a5 {the queenside pressure looks a
bit annoying.}) 12. cxb5 Rd8 13. Qc2 {From a very general perspective, the
consequences of the queenside operation favour Black, who has exchanged his
rook pawn for a more central one. But this would apply only if he was better
developed. With respect to the lines with ...c6 instead of ...a6, the queen
does not have the c7-square at her disposal and the d5-square is not defended
properly.} Nbd7 {Black obstructs the bishop, a piece that, sadly, will not get
the chance to be developed in this game.} ({With hindsight, it is easy to
recommend} 13... Bg4 {followed by ...Nbd7, which would also put up some fight
for the d4-square. One possible problem is that the a6-square is less well
defended, allowing, for instance,} 14. a5 c6 15. a6 cxb5 16. a7 Na6 17. Nxb5 {
with unpleasant queenside pressure.}) 14. Ba3 Qe8 15. Rfd1 {White is fully
developed and exerts strong pressure along files and diagonals. Black is very
passive and his move choice is strongly limited.} Bf8 $6 {Strategically, it is
right to exchange these bishops, but concretely Black loses a pawn. But, as
Tarrasch would say, in bad positions all moves are bad. Hm, or was it
Tartakower?! Whoever he was, I can only agree with him!} 16. Bxf8 Nxf8 ({Or if
} 16... Qxf8 17. Nd5 Nxd5 18. Rxd5 {Black loses either the c7- or the e5-pawn.}
) 17. Rxd8 Qxd8 18. Nxe5 Qd4 19. Nf3 Qc5 20. Qb2 Ng4 21. Nd1 $1 {This
apparently passive retreat annihilates Black's initiative. White is a pawn up,
has the safer king and more active play. Black is lost without even having got
out of the opening, as some of his pieces are still on their initial squares.}
Nd7 22. Rc1 Qb6 23. Nd2 $1 {More knight retreating, preparing for the final
assault.} Nc5 (23... Ngf6 {could be met with} 24. Ne3 Rxa4 25. e5 {with a
decisive attack.}) 24. Nc4 Qf6 $2 {Shortening the agony.} 25. Bxg4 ({And in
view of} 25. Bxg4 Qxb2 26. Ncxb2 $1 {(attacking the c5-knight)} Nb3 27. Bxc8 {
with decisive material gains, Black resigned.}) 1-0